Economic theory and underdeveloped regions

में बचाया:
ग्रंथसूची विवरण
मुख्य लेखक: Myrdal, Gunnar
स्वरूप: पुस्तक
भाषा:Undetermined
प्रकाशित: London Methuen & Co Ltd 1957
विषय:
टैग : टैग जोड़ें
कोई टैग नहीं, इस रिकॉर्ड को टैग करने वाले पहले व्यक्ति बनें!
Thư viện lưu trữ: Trung tâm Học liệu Trường Đại học Cần Thơ
LEADER 00479nam a2200181Ia 4500
001 CTU_81345
008 210402s9999 xx 000 0 und d
082 |a 330.9 
082 |b M998 
100 |a Myrdal, Gunnar 
245 0 |a Economic theory and underdeveloped regions 
245 0 |c Gunnar Myrdal 
260 |a London 
260 |b Methuen & Co Ltd 
260 |c 1957 
650 |a Economic 
904 |i Trọng Hải 
980 |a Trung tâm Học liệu Trường Đại học Cần Thơ